Normal view
MARC view
- THEORY OF ELASTICITY
Entry Personal Name
001 - CONTROL NUMBER
- control field: 57378
003 - CONTROL NUMBER IDENTIFIER
- control field: NUST
005 - DATE AND TIME OF LATEST TRANSACTION
- control field: 20210628201918.0
008 - FIXED-LENGTH DATA ELEMENTS
- fixed length control field: 210628|| aca||aabn | a|a d
040 ## - CATALOGING SOURCE
- Original cataloging agency: NUST
- Transcribing agency: NUST
100 ## - HEADING--PERSONAL NAME
- Personal name: THEORY OF ELASTICITY
670 ## - SOURCE DATA FOUND
- Source citation: Work cat.: (NUST): THEORY OF ELASTICITY, TIMOSHENKO, S,GOODIER, J. N, 1951
